[Event "5th Nebesna Sotnya Blitz 2018"]
[Site "Lutsk"]
[Date "2018.02.16"]
[Round "3"]
[White "Maciaga, Marcin"]
[Black "Bernadskiy, Vitaliy"]
[Result "0-1"]
[WhiteElo "2105"]
[BlackElo "2588"]
[Annotator "TA"]
[PlyCount "72"]
[EventDate "2018.??.??"]
[EventType "swiss"]
[EventCountry "UKR"]
[SourceTitle "playchess.com"]
[Source "ChessBase"]
[SourceQuality "1"]

{[%evp 26,71,34,23,50,40,45,39,41,31,36,35,81,0,0,12,16,16,82,69,75,52,166,148,149,153,132,63,126,136,145,133,281,275,276,222,310,251,218,0,360,0,0,-29991,-29992,-29998,-29999,-29999]} 1. c4 e5 2. g3 Nf6 3. Bg2 g6 4. Nc3 Bg7 5. Nf3 Nc6 6. O-O O-O 7. d3 h6 8. Rb1 a5 9. a3 {[%cal Ba2a3,Ba3b4,Bb4b5][%mdl 32]} d6 10. b4 axb4 11. axb4 Be6 12. b5 Ne7 13. Bb2 Nd7 14. Ra1 {LiveBook: 12 Games. A26: English Opening vs King's Indian with ...Nc6 and d3} (14. Nd2 c6 15. Ra1 Qc7 16. bxc6 bxc6 17. Qc2 d5 18. Rxa8 Rxa8 19. Ra1 Rxa1+ 20. Bxa1 d4 21. Na4 Qa5 {½-½ (62) Grigoriants,S (2564)-Golubov,S (2481) Moscow 2016}) 14... f5 15. Rxa8 Qxa8 16. Qc2 $146 {White is slightly better.} ({Predecessor:} 16. Qa1 Qc8 17. Nd2 Nc5 18. Na4 Nxa4 19. Qxa4 b6 20. Ra1 Kh7 21. Qd1 Qd7 {1-0 (35) Willems,M (2098)-Kabos,T (2214) Bad Homburg 2010}) 16... g5 17. Ra1 Qc8 18. Nd2 f4 19. Nd5 (19. Ra7 $16) 19... Nxd5 $11 20. cxd5 Bg4 21. Ne4 {Threatening Rc1.} b6 (21... Nb6 $11 {remains equal.}) 22. h3 $16 Bf5 23. g4 (23. Qc6 $5 {[%cal Ra1a7]} Bxe4 24. dxe4 $14) 23... Bg6 ({Better is} 23... Bxe4 $1 $14 24. Bxe4 (24. dxe4 Nc5 $11) 24... Nc5) 24. Qc6 $36 {[%mdl 2048] Hoping for Ra7. White has strong initiative.} Nb8 25. Qc4 {And now Ra7 would win.} Qb7 26. Ra4 (26. Rc1 $16) 26... Bf7 (26... Rd8 $14) 27. Qa2 {Black must now prevent Ra7.} Nd7 28. Ra7 Qb8 {[#]} (28... Qc8 $16) 29. Nxd6 $1 $18 {[%mdl 512]} cxd6 30. Rxd7 Qc8 31. Qa7 Qc2 {[#]} 32. Ba3 $2 ({White should try} 32. Qa1 $1 $18) 32... Qxe2 $2 {[%mdl 8192]} (32... Qd1+ $11 33. Bf1 e4) 33. Bxd6 $2 (33. Qxb6 $18 Qxd3 34. Bxd6 (34. Qxd6 e4 $14)) 33... e4 $1 $11 {( -> ...Bd4!)} 34. Bxf8 $4 {[%mdl 8192] [#]} ({Avoid the trap} 34. Bxe4 $2 Bd4 $19) (34. Rxf7 $11 Qe1+ 35. Kh2 Rxf7 36. Qb8+ Rf8 37. Bxf8 Bxf8 38. Qxb6 exd3 39. d6) 34... Bd4 $1 {Black mates.} 35. Rxf7 Qxf2+ 36. Kh2 Qg1# {Precision: White = 48%, Black = 23%.} 0-1

[Event "5th Nebesna Sotnya Blitz 2018"]
[Site "Lutsk"]
[Date "2018.02.16"]
[Round "3"]
[White "Snigurov, Maxim"]
[Black "Bortnyk, Mykola"]
[Result "0-1"]
[WhiteElo "2068"]
[BlackElo "2432"]
[Annotator "TA"]
[PlyCount "56"]
[EventDate "2018.??.??"]
[EventType "swiss"]
[EventCountry "UKR"]
[SourceTitle "playchess.com"]
[Source "ChessBase"]
[SourceQuality "1"]

{[%evp 9,56,20,4,-55,-63,-59,-49,-70,-73,-153,-25,-64,42,49,72,60,68,37,89,-75,-21,-17,-49,-17,26,-124,-138,-343,-331,-334,-332,-254,-263,-300,-93,-77,-58,-178,-150,-542,-535,-663,-644,-6349,-125,-2561,-1990,-29996,-1389]} 1. e4 Nf6 2. e5 Nd5 3. c4 Nb6 4. a4 d6 (4... a5 5. Ra3 d6 6. exd6 exd6 7. Rg3 Bf5 8. Nc3 Nc6 9. d4 Nb4 10. Be2 d5 11. c5 Nd7 12. Bg4 {½-½ (23) Hauge,L (2448)-Agdestein,S (2604) Stavanger 2017}) 5. a5 N6d7 6. e6 {B02: Alekhine's Defence: Chase Variation and lines with early Nc3} (6. exd6 $1 $11 exd6 7. d4) 6... fxe6 $15 7. d4 e5 8. Bd3 {White threatens Qh5+ and mate.Black is slightly better.} g6 9. h4 $146 (9. d5 $142) ({Predecessor:} 9. d5 e6 10. Nc3 exd5 11. cxd5 Nc5 12. Bc2 {1-0 (32) Firman,N (2361)-Seel,C (2234) Oropesa del Mar 2000}) 9... Nf6 (9... exd4 $17 10. h5 g5 $1 {[%mdl 512]}) 10. h5 e4 ({Black should try} 10... gxh5 $15 11. Be2 exd4 12. Bxh5+ Kd7 13. Qxd4 c5) 11. Be2 $36 {[%mdl 2048] White has good play.} Bg7 12. Nc3 Nc6 13. a6 bxa6 (13... e5 $14) 14. g4 $2 (14. d5 $16 Ne5 15. h6) 14... gxh5 ({Better is} 14... O-O $17 15. hxg6 hxg6) 15. g5 $11 Ng4 {And now ...0-0 would win.} 16. Rxh5 Qd7 17. Be3 (17. Rh4 $1 $11 h5 18. gxh6 Nxh6 19. Nxe4) 17... Rb8 $17 18. Qd2 $2 (18. Rh4 $17 {was called for.} Nxe3 19. fxe3) 18... Qf5 $19 19. Nh3 e5 20. dxe5 Bxe5 21. Nf4 Nxe3 $2 (21... Bxf4 $19 22. Bxf4 Nb4) 22. fxe3 $17 Qf7 23. Rh6 ({White should play} 23. c5 $1 $15) 23... Qg7 {Strongly threatening ...Rxb2!} 24. Qd5 $2 (24. O-O-O $17) 24... Ne7 $19 25. Qa5 Qxg5 {Hoping for ...Qg1+.} 26. Qxc7 Rb7 $2 (26... Qg1+ $19 {and Black stays clearly on top.} 27. Bf1 Rxb2 28. Qxe7+ Kxe7 29. Ncd5+ Kf7) 27. Rh5 $2 {[%mdl 8192]} (27. Bh5+ $17 Qxh5 {[#]} 28. Qxc8+ $1 {[%mdl 512]} Nxc8 29. Nxh5) 27... Qg3+ ({Weaker is} 27... Rxc7 28. Rxg5 h6 29. Rg1 $17) 28. Kd2 Rxc7 {Precision: White = 12%, Black = 32%.} (28... Rxb2+ $142 29. Kc1 Qxe3+ 30. Kxb2 Qxc3+ 31. Kb1 Qb2#) 0-1

[Event "5th Nebesna Sotnya Blitz 2018"]
[Site "Lutsk"]
[Date "2018.02.16"]
[Round "3"]
[White "Safronov, Mikhail"]
[Black "Grekh, Andrey"]
[Result "0-1"]
[WhiteElo "2066"]
[BlackElo "2400"]
[Annotator "TA"]
[PlyCount "132"]
[EventDate "2018.??.??"]
[EventType "swiss"]
[EventCountry "UKR"]
[SourceTitle "playchess.com"]
[Source "ChessBase"]
[SourceQuality "1"]

{[%evp 11,132,8,11,0,21,0,52,52,46,35,50,16,14,-19,19,-4,-12,-84,-83,-91,-86,-171,-126,-175,-121,-242,-106,-133,-69,-70,-55,-70,-39,-43,-19,-22,-25,-44,-20,-15,0,-27,-7,-22,-11,-22,0,-36,-38,-28,0,-35,0,-45,-45,-45,-45,-64,-52,-48,-25,-100,-50,-213,-210,-217,-223,-243,-243,-225,-222,-230,-213,-231,-202,-472,-442,-492,-490,-433,-293,-492,-492,-492,-492,-492,-492,-481,-474,-462,-445,-656,-637,-691,-592,-1359,-1277,-1104,-824,-6397,-5820,-29970,-29971,-29975,-29972,-29975,-29975,-29976,-29975,-29975,-29973,-29973,-29973,-29975,-29976,-29975,-29977,-29978,-29978,-29978,-29978,-29976,-29978]} 1. d4 Nf6 2. Nf3 c5 3. g3 cxd4 4. Nxd4 g6 5. Bg2 Bg7 6. O-O O-O 7. Nc3 {A49: 1 d4 Nf6 2 Nf3 g6 3 g3: Anti-King's Indian systems} (7. c4 Qc7 8. b3 Nc6 9. Bb2 d6 10. Nc3 Bd7 11. Rc1 Qa5 12. Nd5 Nxd5 13. cxd5 Nxd4 14. Bxd4 Rfc8 15. Bxg7 Kxg7 16. Qd4+ f6 17. a4 b5 18. axb5 Qxb5 {1-0 (34) Huebner,R (2574)-Kovalenko,I (2684) Puhajarve 2016}) 7... d6 8. Bg5 a6 $146 (8... h6 $11 9. Bxf6 Bxf6) ({Predecessor:} 8... h6 9. Bxf6 Bxf6 10. Nd5 Bg7 11. c3 e6 12. Nb4 d5 13. a4 Qe7 14. a5 Bd7 {0-1 (41) Predke,A (2160)-Pushin,V (2297) Uljanovsk 2008}) 9. Qd2 $14 {White is slightly better.} Nbd7 10. Rad1 Qc7 11. Rfe1 Nb6 12. b3 Bd7 13. h3 Rac8 14. Nb1 (14. Bxf6 $1 $11 Bxf6 15. Ne4) 14... e5 $36 {[%mdl 2048] Black is in control.} 15. Nf3 Ne4 16. Qe3 (16. Qa5 $17) 16... d5 17. c3 Rfe8 ({Better is} 17... f5 $19 {And now ...f4 would win.} 18. Qc1 Nxg5 19. Qxg5 f4 20. gxf4 Rxf4) 18. Rc1 (18. Bh6 $17) 18... Bc6 (18... f5 $19 {and Black stays clearly on top. White must now prevent ...h6!} 19. Nh2 h6 $1 {[%mdl 512]} 20. Bxe4 dxe4 21. Bxh6 f4 22. Qxe4 Bf5) 19. Bh6 {[#]} Bxh6 (19... d4 $1 $17 {[%mdl 512]} 20. cxd4 exd4) 20. Qxh6 $15 Qe7 21. h4 Qc5 22. e3 Qf8 (22... Nd7 {keeps more tension.} 23. Ng5 Ndf6 24. Bxe4 dxe4 25. h5 Qf8) 23. Qxf8+ Kxf8 24. Nbd2 Nxd2 25. Nxd2 Red8 26. Red1 Ke7 27. Nf3 f6 28. Ne1 Bb5 29. Nd3 Bxd3 30. Rxd3 Rc7 31. Rd2 e4 32. Kf1 Rdc8 33. Rdc2 Nd7 34. Ke1 Ne5 {Hoping for ...Nd3+.} 35. Bf1 $1 b5 36. Kd1 (36. Kd2 $11 {keeps the balance.}) 36... Kd6 37. Be2 $2 {[#]} ({White should play} 37. Kd2 $15) 37... Nd3 $1 $19 {[%cal Rd3c1]} 38. Bxd3 exd3 39. Rb2 Rxc3 40. Rxc3 Rxc3 {[%mdl 4096] Endgame KR-KR} 41. Kd2 b4 42. f3 f5 43. Kd1 $2 {[#]} (43. Rb1 {was worth a try.}) 43... d4 $1 {[%mdl 512]} 44. Kd2 (44. exd4 Kd5) 44... Kd5 45. Rb1 a5 46. Re1 $2 (46. e4+ fxe4 47. fxe4+ Kxe4 48. Re1+ Kd5 49. Re7) 46... dxe3+ 47. Kxe3 {[#]} d2+ $1 {[%mdl 512]} 48. Kxd2 {intending Re3.} Rxf3 49. Re7 Rxg3 50. Rxh7 Rg2+ 51. Ke3 (51. Kd3 $142 Rxa2 52. Rd7+ Ke5 53. Re7+ Kf4 54. Rg7) 51... Rxa2 52. Rg7 Rh2 53. Rxg6 Rxh4 54. Ra6 Rh3+ 55. Kf4 Rxb3 56. Rxa5+ Kc4 {Black mates.} 57. Kxf5 Re3 58. Kf4 Re8 59. Ra7 Rc8 60. Ke3 Rd8 61. Rc7+ Kb3 62. Ke2 Kb2 63. Rb7 b3 {[%cal Bb4b3,Bb3b2][%mdl 32]} 64. Rc7 Kb1 65. Rb7 b2 66. Ra7 Rd5 {Precision: White = 22%, Black = 51%.} 0-1

[Event "5th Nebesna Sotnya Blitz 2018"]
[Site "Lutsk"]
[Date "2018.02.16"]
[Round "4"]
[White "Bernadskiy, Vitaliy"]
[Black "Mikhaletz, Lubomir"]
[Result "0-1"]
[WhiteElo "2588"]
[BlackElo "2416"]
[Annotator "TA"]
[PlyCount "52"]
[EventDate "2018.??.??"]
[EventType "swiss"]
[EventCountry "UKR"]
[SourceTitle "playchess.com"]
[Source "ChessBase"]
[SourceQuality "1"]

{[%evp 19,52,3,7,8,12,-6,0,0,0,0,0,0,0,-7,-6,-21,0,-20,-16,-22,-21,-32,-17,-33,-26,-33,0,-27,0,-61,-6,-64,-18,-35,0]} 1. e4 Nc6 2. Nf3 d6 3. d4 Nf6 4. c3 g6 5. Bd3 Bg7 6. O-O O-O 7. h3 e5 8. Re1 Re8 9. dxe5 {B07: Pirc-Ufimzew-Verteidigung} (9. d5 Nb8 10. c4 a5 11. Nc3 Na6 12. a3 Bd7 13. Bc2 Nh5 14. Rb1 Nf4 15. b4 axb4 16. axb4 Qf6 17. Be3 {½-½ (64) Ragger,M (2657)-Ponomariov,R (2694) Katowice 2017}) 9... Nxe5 10. Nxe5 dxe5 {LiveBook: 4 Partien} 11. Qc2 {Die Stellung ist ausgeglichen.} Be6 12. Nd2 $146 ({Vorgänger:} 12. Na3 c6 13. Nc4 Qc7 14. b4 Rad8 15. Bf1 Rd7 16. a4 Red8 {1-0 (48) Vasiliev,V (2265)-Hrdy,R Pardubice 1993}) 12... Nh5 13. Nf3 Nf4 14. Bxf4 exf4 15. Rad1 {Droht Lb5 und aus.} c6 16. e5 {[#] Und weiter mit Lxg6 wäre nett.} Qc7 17. Be4 h6 18. c4 Rad8 19. Rxd8 Rxd8 20. Qc1 g5 21. Bb1 Kf8 22. b3 Kg8 23. Kh2 Kf8 24. a3 (24. Kg1 $11) 24... Ke7 ({Lieber} 24... Qb6 $15 25. Qc2 g4 26. hxg4 Bxg4) 25. Qb2 ({Günstiger ist} 25. Bh7 $11) 25... a5 26. Re2 Rd7 {[%mdl 32768] Precision: Weiß = 20%, Schwarz = 21%. . Loss on Time!?} 0-1

[Event "5th Nebesna Sotnya Blitz 2018"]
[Site "Lutsk"]
[Date "2018.02.16"]
[Round "4"]
[White "Bortnyk, Mykola"]
[Black "Matviishen, Viktor"]
[Result "0-1"]
[WhiteElo "2432"]
[BlackElo "2439"]
[Annotator "TA"]
[PlyCount "168"]
[EventDate "2018.??.??"]
[EventType "swiss"]
[EventCountry "UKR"]
[SourceTitle "playchess.com"]
[Source "ChessBase"]
[SourceQuality "1"]

{[%evp 9,168,0,-10,-82,-72,-79,-72,-81,-85,-97,-79,-184,-160,-176,-190,-269,-268,-261,-258,-243,-237,-219,-223,-295,-279,-302,-293,-343,-358,-396,-354,-354,-323,-326,-255,-353,-250,-251,-254,-257,-252,-229,-168,-158,-168,-155,-155,-169,-162,-169,-133,-120,0,0,380,-37,-26,-551,0,0,0,-156,-138,-162,-43,-653,-654,-639,-631,-613,-477,-506,-418,-577,-597,-653,-625,-622,-609,-625,-581,-575,-545,-506,0,-547,-547,-523,-523,-564,-448,-737,-409,-914,-493,-654,160,149,148,-337,-330,-561,-561,-481,-308,-607,-418,-454,-444,-387,-56,-160,-123,-131,-13,-11,0,-58,-67,-109,-108,-100,-109,-100,-97,-462,129,-399,-298,-508,-369,-29955,-474,-29958,-29962,-29968,-29967,-29962,-29963,-10240,-8273,-29980,-29981,-29981,-29982,-29982,-29983,-29985,-29984,-29986,-29984,-29984,-29985,-29986,-29984,-29984,-29985,-29984,-29985,-29984,-29983]} 1. e4 e5 2. Nf3 Nc6 3. d4 exd4 4. Nxd4 Bc5 5. Nf5 d5 {LiveBook: 19 Games} 6. Bb5 {C45: Scotch Game} (6. Nxg7+ $11 {keeps the balance.} Kf8 7. Nh5 (7. Qxd5 $2 Qxd5 8. exd5 Nb4 $19)) (6. Nxg7+ Kf8 7. Nh5 Qh4 8. Ng3 Nf6 9. Be2 dxe4 10. Nc3 Be6 11. O-O Ne5 12. Qe1 Rg8 {½-½ (12) Genocchio,D (2433)-Godena,M (2549) Siena 2010}) 6... Bxf5 $1 $17 7. exf5 Qe7+ 8. Qe2 {Black is better.} Qxe2+ 9. Kxe2 $146 ({Find the theoretical novelty and annotate with similar games:} 9. Bxe2 O-O-O 10. O-O Nge7 11. Nd2 Nxf5 12. Bg4 g6 13. Nb3 Bb6 {0-1 (66) Lange,M (1799)-Heindrich,M (2125) Jena 2009}) 9... Nge7 10. g4 (10. Rd1 $17) 10... O-O-O 11. Bd3 h5 12. f3 (12. f6 $142 gxf6 13. g5) 12... Nd4+ $19 {[%cal Bc6d4,Bd4f3,Bf3e5][%mdl 32]} 13. Kd1 Nxf3 14. g5 f6 15. gxf6 gxf6 16. Nd2 Ne5 17. Rf1 Rdg8 18. Be2 Rg2 19. Nb3 Bb6 20. a4 a6 (20... Rxh2 21. a5 $19) 21. a5 Ba7 22. h4 Rf2 23. Rxf2 Bxf2 24. Ra4 Rg8 {aiming for ...Rg1+.} 25. Bxh5 Nc4 ({Don't take} 25... Nxf5 26. Rf4 $17) 26. Bf7 Rg4 27. Ke2 Bxh4 {White must now prevent ...Re4+.} 28. Be6+ Kd8 29. Nc5 Rg2+ 30. Kf3 Rg3+ (30... Rxc2 $17 31. Nxb7+ Ke8) 31. Ke2 $11 Nc6 $2 {[%mdl 8192]} (31... b5 $11 32. axb6 cxb6) 32. c3 $2 (32. Nxb7+ $18 Ke7 33. Bxd5) 32... Rg2+ $15 33. Kf3 $2 {[%mdl 8192]} (33. Kd1 $1 $11 Bg5 34. Nxb7+ Ke8 35. Bxd5 Nxb2+ 36. Ke1 Rg1+ 37. Kf2 Rxc1 38. Bxc6+ Kf8 39. Rd4) 33... Rg3+ $2 (33... Rf2+ $19 34. Kg4 Rh2 35. Nxb7+ Ke8 36. Bxd5 N6e5+ 37. Kf4 Bf2 38. Bc6+ Nxc6) 34. Ke2 $1 $11 Rg2+ 35. Kf1 $2 (35. Kf3 $11 Rf2+ 36. Kg4) 35... Rf2+ $17 36. Kg1 Rc2 (36... N6xa5 $19 {...Rc2 is the strong threat.} 37. Nd3 Rf3) 37. Bf4 $2 {[%mdl 8192]} (37. Nxb7+ $15 Ke7 38. Bxd5 Rxc1+ 39. Kh2 Rc2+ 40. Kh3 Nxb2 41. Rxh4) 37... Bf2+ $19 38. Kh1 Bxc5 39. Bxd5 N4e5 40. Bg3 Bf2 41. Bh2 Rxb2 42. Re4 Kd7 43. Be6+ Kd6 44. Rg4 Be3 {Threatens to win with ...Rxh2+!} 45. Rg7 {If White can now play Rd7+ this consolidates a bit.} Rb1+ 46. Kg2 {Threatening Rd7+.} Rb2+ $2 (46... Ne7 $19 47. Bg3 Rc1) 47. Kh3 $2 {[%mdl 8192]} (47. Kh1 $1 $11) 47... Kc5 48. Rxc7 Nd3 {Strongly threatening ...Rxh2+!} 49. Bg3 Nf2+ 50. Kh4 (50. Bxf2 $142 Rxf2 51. Rxb7) 50... Ne4 51. Be1 (51. Bc8 $142 Bg5+ 52. Kh3 Nxg3 53. Kxg3) 51... Rh2+ 52. Kg4 Kd6 $2 (52... Ng5 $19 53. c4 Rg2+ 54. Kh5 Nxe6 55. fxe6 Kd6 56. Rxb7 Ne5) 53. Rd7+ $16 Kc5 {[%cal Rc6e5]} 54. Kf3 $2 {[%mdl 8192]} (54. Rd5+ $16 {is forced if you want to stay better.} Kc4 55. Rd2+ Kxc3 56. Rxh2+ Kd3 57. Rh7) 54... Ne5+ $1 $19 ({Less strong is} 54... Bf2 55. Kxe4 (55. Rd5+ Kc4 $15) 55... Rh4+ 56. Kd3 $15) 55. Kxe3 $2 (55. Kxe4 Nxd7 56. Kxe3) 55... Nxd7 56. Bxd7 {[%mdl 4096] Endgame KRN-KB} Nd6 57. Bg3 $2 (57. Be6) 57... Rg2 58. Kf3 Rc2 59. Bf2+ {[#]} Kd5 $2 (59... Rxf2+ $1 $19 {[%mdl 512]} 60. Kxf2 Kc4) 60. Be6+ ({White should try} 60. Bd4 $15) 60... Kc6 $17 61. Bd4 Nb5 ({Better is} 61... Rb2 $1 $17 {Black wants to play ...Rb5.} 62. Kg4 Ne4) 62. Bxf6 $11 Nxc3 63. Bg7 ({White should play} 63. Be5 $11 Nb5 64. f6) 63... Nb5 $1 $15 64. Bb3 Rc5 65. Kg4 Nd6 66. f6 Rxa5 {Hoping for ...Rf5.} 67. Bf8 $2 {[%mdl 8192]} (67. f7 $17 Nxf7 68. Bxf7) 67... Ra3 $2 {[#]} (67... Ra1 $19 {And now ...a5 would win.} 68. Bh6 Rh1) 68. Be6 $2 {[%mdl 8192]} (68. f7 $1 $16 {is necessary to keep the advantage.} Nxf7 69. Bxa3) 68... Re3 69. Ba2 $2 (69. f7 {was the only chance.} Nxf7 70. Bxf7) 69... Re8 70. Be7 $2 {[#]} (70. Bh6 $19 Rh8 71. Bg7) 70... Kd7 (70... Rxe7 $142 $1 71. fxe7 Kd7 72. Kf4 Kxe7 73. Ke5 Kd7 74. Bd5 Kc7 75. Bh1 b5 76. Kd5 Nb7 77. Bf3 a5 78. Kd4 Kb6 79. Bg4 a4 80. Kc3 Ka5 81. Kc2 b4 82. Bd1 Nd6 83. Kb2 Nc4+ 84. Ka2 Ne3 85. Bh5 b3+ 86. Kb1 a3 87. Bf7 a2+ 88. Kb2 Nc2 89. Kxb3 a1=Q 90. Kxc2 Qf1 91. Bg8 Qg2+ 92. Kd3 Qxg8 93. Ke4 Qg5 94. Kd3 Kb4 95. Kd4 Qf5 96. Ke3 Kc3 97. Ke2 Qf4 98. Ke1 Kd3 99. Kd1 Qf1#) 71. Bb3 (71. Kf4 $19 Rh8 72. Bd5) 71... Rxe7 72. fxe7 Kxe7 {KB-KN} 73. Kf4 Kd7 74. Ke5 Kc6 75. Bd5+ Kc5 {Black mates.} 76. Bg2 b5 {[%cal Bb7b5,Bb5b4][%mdl 32]} 77. Kf4 Kd4 78. Kf3 Nc4 79. Ke2 Kc3 80. Bc6 b4 81. Kd1 Kb2 82. Ke2 a5 {[%cal Ba6a5,Ba5a4][%mdl 32]} 83. Bb5 Nb6 84. Kd3 a4 {Precision: White = 19%, Black = 48%.} 0-1

[Event "5th Nebesna Sotnya Blitz 2018"]
[Site "Lutsk"]
[Date "2018.02.16"]
[Round "4"]
[White "Mirzoev, Emil"]
[Black "Nedilko, Vasily"]
[Result "1/2-1/2"]
[WhiteElo "2405"]
[BlackElo "2383"]
[Annotator "TA"]
[PlyCount "80"]
[EventDate "2018.??.??"]
[EventType "swiss"]
[EventCountry "UKR"]
[SourceTitle "playchess.com"]
[Source "ChessBase"]
[SourceQuality "1"]

{[%evp 9,80,-4,27,27,26,24,10,17,55,49,55,-7,0,0,0,-15,-6,-35,-33,-38,-27,-33,-39,-32,-37,-45,-16,-14,-5,-5,0,-22,-26,-20,-22,-35,-20,-14,70,83,136,-92,-98,-110,-119,-108,-117,-117,-110,-130,-93,-152,0,-158,-154,-154,-121,-127,-67,-292,-218,-252,0,-233,-123,-1045,-807,-727,0,-106,0,0,0]} 1. e4 c5 2. Nc3 d6 3. Nge2 Nf6 4. d3 (4. g3 g6 5. Bg2 Bg7 6. d3 Nc6 7. a3 Rb8 8. Rb1 O-O 9. O-O b5 10. b4 a6 11. h3 Nd7 12. Be3 Bb7 13. Qd2 Nd4 14. f4 e6 {½-½ (32) Caruana,F (2799)-Nepomniachtchi,I (2729) London 2017}) 4... Nc6 5. h3 g6 6. g4 {B23: Closed Sicilian: Lines without g3} Bg7 7. Bg2 O-O 8. O-O $146 ({Predecessor:} 8. Be3 Rb8 9. f4 Bd7 10. O-O b5 11. a3 a5 {1-0 (36) Motwani,P (2509)-Grant,A (2195) Stirling 2002}) 8... e5 9. f4 exf4 10. Nxf4 (10. Bxf4 $14 Ne8 11. Qd2) 10... Rb8 11. Be3 b5 {[%cal Bb7b5,Bb5b4][%mdl 32]} 12. Rb1 b4 13. Ncd5 Nxd5 14. Nxd5 Be6 15. Qd2 Bxd5 16. exd5 Ne5 17. Rf2 Qa5 18. a3 Qa4 19. axb4 Qxb4 20. c3 Qb3 21. Be4 Rfe8 22. Rbf1 Rb7 23. Bf4 c4 (23... a5 $11) 24. d4 $1 $14 {[%cal Rd4e5]} Nxg4 ({Better is} 24... Nd3 25. Bxd3 cxd3) 25. hxg4 $2 {[#]} (25. Bc2 $16 {is necessary to keep the advantage.} Nxf2 26. Bxb3) 25... Rxe4 $17 26. Bxd6 Rxg4+ 27. Rg2 Rxg2+ 28. Qxg2 Qb5 29. Bc5 a6 ({Reject} 29... Qxb2 $6 30. Qxb2 Rxb2 31. Re1 $11) 30. Qh3 {[#]} (30. Rf2 $142) 30... Rb8 $2 (30... Qe8 $1 $17 31. Rf2 Rd7) 31. d6 $2 (31. Rxf7 $1 $11 Qxb2 32. Qe6) 31... Qc6 ({Inferior is} 31... Qxb2 32. d7 $11) 32. Rf2 Re8 33. Qf3 Qd7 (33... Re1+ $17 34. Kg2 Qd7) 34. Qd5 $2 ({White should try} 34. Re2 $1 $15 Rxe2 35. Qxe2) 34... Re6 35. Qa8+ Re8 36. Qd5 Qg4+ (36... Bh6 $19 37. Rf3 Re2 38. Qa8+ Kg7) 37. Kh2 $2 {[%mdl 8192]} (37. Kf1 $17 Qh3+ 38. Qg2) 37... Qh4+ 38. Kg2 Qg4+ $2 (38... Re1 $19 {( -> ...Qh1+)} 39. Qxf7+ Kh8) 39. Kf1 (39. Kh2 $11 {was the only way to keep the balance.} Re3 40. Qa8+ Bf8 41. Qg2 Qh4+ 42. Kg1) 39... Qd1+ (39... Qh3+ $17 40. Qg2 Qd7) 40. Kg2 $11 Qg4+ {Precision: White = 42%, Black = 38%.} 1/2-1/2

[Event "5th Nebesna Sotnya Blitz 2018"]
[Site "Lutsk"]
[Date "2018.02.16"]
[Round "4"]
[White "Grekh, Andrey"]
[Black "Gayun, Dmytro"]
[Result "1/2-1/2"]
[WhiteElo "2400"]
[BlackElo "2263"]
[Annotator "TA"]
[PlyCount "81"]
[EventDate "2018.??.??"]
[EventType "swiss"]
[EventCountry "UKR"]
[SourceTitle "playchess.com"]
[Source "ChessBase"]
[SourceQuality "1"]

{[%evp 10,81,54,30,66,61,53,52,70,32,30,0,39,25,43,36,37,20,54,33,193,6,13,6,9,-21,-18,-66,-37,-127,-127,-116,-123,-121,-86,-84,-91,-164,-79,-118,-113,-113,-77,-84,0,0,4,4,4,4,4,3,24,-23,-31,-29,-25,-32,-25,-36,-8,-36,-6,-19,0,-8,-8,-8,-7,-8,-10,-14,0,-14]} 1. e4 {[%cal Be2e4,Be4e5][%mdl 32]} Nf6 2. e5 Nd5 3. d4 d6 4. Nf3 Bg4 5. Be2 e6 6. O-O (6. h3 {is more complex.} Bh5 7. c4 Nb6 8. exd6 cxd6 9. a4) 6... dxe5 {B05: Alekhine's Defence: 4 Nf3 Bg4} (6... Be7 7. h3 Bh5 8. c4 Nb6 9. Nc3 O-O 10. Be3 d5 11. cxd5 exd5 12. Ne1 Bxe2 13. Qxe2 c6 14. Nd3 Na6 15. Rae1 Nc7 16. Nf4 Qd7 17. Nh5 Rae8 18. Qf3 Kh8 19. Ne2 Nc4 {0-1 (38) Navara,D (2744)-Rapport,R (2731) Prague 2016}) 7. Nxe5 Bxe2 8. Qxe2 Nd7 {White is slightly better.} 9. Nxd7 (9. Rd1 {with more complications.} Nxe5 10. dxe5 Qc8 11. a3 c5 12. Nd2) 9... Qxd7 10. c4 Nb6 $146 ({Predecessor:} 10... Nf6 11. d5 O-O-O 12. dxe6 fxe6 13. Nc3 Bb4 {1-0 (35) Freter,A (1899)-Noll,S (1833) Bad Wiessee 2015}) 11. Be3 Be7 12. Nc3 O-O 13. Rfd1 Rfd8 14. d5 exd5 $2 {[#]} (14... Bf6 $14) 15. Bxb6 $2 (15. c5 $1 $18) 15... axb6 $11 16. Rxd5 Bd6 $1 17. Ne4 Qe6 {Threatens to win with ...Re8.} 18. Qf3 Be7 19. a3 {[#]} ({White should try} 19. Rad1 $15) 19... c6 $1 $17 {[%cal Rc6d5]} ({Don't play} 19... Rxd5 $6 20. cxd5 Qe5 21. Nc3 $11) 20. Rxd8+ Rxd8 21. b3 {[#]} Bxa3 $1 {[%mdl 512]} 22. h3 (22. Rxa3 Qxe4) 22... Be7 23. Ra7 (23. g4 $17) 23... Qc8 (23... f5 $19 {is more deadly.} 24. Ng3 Qe1+ 25. Kh2 Bc5) 24. Ng3 Qb8 25. Ra1 Bf6 26. Re1 Qd6 (26... Qc7 $17) 27. Ne4 $11 Qe5 28. Nxf6+ Qxf6 29. Qxf6 gxf6 {[%mdl 4096] Endgame KR-KR} 30. Re7 Rd3 31. b4 Rb3 32. b5 cxb5 33. cxb5 Rxb5 34. Rxb7 Kg7 35. g3 Rb2 36. Kg2 {The position is equal.} Kg6 37. h4 h5 38. Kf3 b5 39. Rb6 Kf5 40. Rb7 Kg6 41. Rb6 {Precision: White = 32%, Black = 25%.} 1/2-1/2